| 000 | 00295 a2200121 4500 | ||
|---|---|---|---|
| 999 |
_c306912 _d306912 |
||
| 001 | 71839 | ||
| 003 | NUST | ||
| 005 | 20180119123103.0 | ||
| 008 | 180119b xxu||||| |||| 00| 0 eng d | ||
| 082 | _a340.03 GAR | ||
| 100 |
_aGarner B.A _99081 |
||
| 245 |
_aBlack's Law Dictionary 7th Edition _hEnglish |
||
| 260 |
_aUSA _bWest Group _c1999 |
||
| 300 | _aXXII 1725p | ||
| 942 |
_aCAE NUST _cBK _k340.03 GAR _2ddc |
||